00254nam a22000977a 4500082001600000100003000016245002900046300003600075526003700111650000800148 a954.91bSHA ashah, Lto Col Matloob Ali aHistory of Khyber Rifles aimages. Picturesb66 P.,c16 cm a0b0c0d954_910000000000000_SHA aMCE